Arsenal Hall of Fame - Statistics

General Stats
  • This quiz has been taken 53 times
  • The average score is 15 of 50
Answers on the Map
Answers color-coded by a green-red scale on the quiz's map according to % correct below.
 
Answer Stats
Rank Arsenal Legends % Correct
1 Thierry Henry
98%
2 Dennis Bergkamp
85%
5 Patrick Vieira
85%
6 Robert Pirès
74%
3 Tony Adams
74%
4 Ian Wright
72%
15 Sol Campbell
70%
7 David Seaman
68%
25 Ashley Cole
62%
11 Fredrik Ljungberg
55%
27 Alan Smith
43%
22 Emmanuel Petit
43%
20 Martin Keown
43%
21 Lee Dixon
40%
12 Marc Overmars
36%
32 Nigel Winterburn
36%
14 David O'Leary
30%
29 Nicolas Anelka
30%
26 Paul Merson
30%
19 Ray Parlour
30%
33 Sylvain Wiltord
28%
16 David Rocastle
26%
42 George Graham
23%
8 Liam Brady
23%
13 Nwankwo Kanu
21%
17 Pat Rice
21%
18 Cliff Bastin
17%
37 Michael Thomas
17%
46 Alex James
15%
47 Frank Stapleton
15%
10 Pat Jennings
15%
45 Alan Ball
13%
39 Bob Wilson
13%
9 Charlie George
13%
38 Steve Williams
13%
31 Ted Drake
13%
28 Charlie Nicholas
11%
49 David Jack
11%
24 John Radford
11%
48 Tony Woodcock
11%
30 Frank McLintock
9%
40 George Armstrong
9%
41 George Eastham
9%
36 Kenny Sansom
9%
50 Peter Storey
9%
35 Sammy Nelson
9%
23 Brian Talbot
6%
43 Andy Ducat
4%
34 Danny Clapton
4%
44 Malcolm Macdonald
4%
No matching quizzes found
Score Distribution
Percent of People with Each Score
Percentile by Number Answered
Your Score History
You have not taken this quiz